000 00293nam a22001217a 4500
008 190314b xxu||||| |||| 00| 0 eng d
041 _aeng
080 _a043.3
100 _a0
101 _aSHP-BA
245 _aPerformanca e punonjësve në Komunën e Ferizaj-it
_cSahiti,E
942 _2udc
_cBK
999 _c54780
_d54780